Largest national parks - Statistics

General Stats
  • This quiz has been taken 15 times
  • The average score is 4 of 10
Answer Stats
Size and country/territory National park % Correct
15276km/9492mi (U.S.) Denali
69%
12107km/7523mi (South Africa) Kruger
69%
21304km/13238mi (U.S) Gates of the Arctic
54%
8468 km/5262 mi (U.S.) Death Valley
46%
4968 km/3087 mi (Ecuador) Galapagos
46%
3064 km/1904 mi (U.S.) Grand Canyon
38%
972000km/375,000mi (Greenland) Northeast Greenland
31%
30925km/19,216mi (Namibia) Namib Naukluft
15%
27842km/17,300mi (Canada) Wood Buffalo
15%
10665km/6627mi (Peru) Manù
8%
No matching quizzes found
Score Distribution
Percent of People with Each Score
Percentile by Number Answered
Your Score History
You have not taken this quiz